[Event "Chorzow Bak Memorial op"]
[Site "Chorzow"]
[Date "2010.11.15"]
[Round "5"]
[White "Szusterowski, Radoslaw"]
[Black "Kempa, Stefan"]
[Result "1-0"]
[WhiteElo "2031"]
[BlackElo "2072"]
[PlyCount "113"]
[EventDate "2010.11.13"]
[EventType "swiss"]
[EventRounds "9"]
[EventCountry "POL"]
[SourceTitle "EXT 2012"]
[Source "ChessBase"]
[SourceDate "2011.11.24"]
[SourceVersion "1"]
[SourceVersionDate "2011.11.24"]
[SourceQuality "1"]

1. d4 Nf6 2. Nf3 e6 3. c4 b6 4. g3 Bb7 5. Bg2 Be7 6. 0-0 0-0 7. Nc3 Ne4 8. Qc2 Nxc3 9. Qxc3 Bf6 10. Qc2 Nc6 11. Rd1 d5 12. Bf4 Nb4 13. Qb3 a5 14. a3 dxc4 15. Qxc4 Nd5 16. Be5 Rc8 17. e4 Ne7 18. Bxf6 gxf6 19. Qe2 f5 20. e5 Kg7 21. Rac1 Bd5 22. Ne1 Qd7 23. Nd3 Bxg2 24. Kxg2 Qd5+ 25. Kg1 Ng6 26. h4 Qe4 27. Qxe4 fxe4 28. h5 exd3 29. hxg6 hxg6 30. Rxd3 Rfd8 31. f4 Rd5 32. Kf2 c5 33. Rcd1 cxd4 34. R1d2 f5 35. Ke2 Rcd8 36. Rc2 Rc5 37. Rcd2 Rcd5 38. Rc2 R8d7 39. Rc6 Rb5 40. Rc2 g5 41. Kf3 Kg6 42. Rc6 g4+ 43. Ke2 Rxb2+ 44. Rd2 d3+ 45. Ke3 Rb1 46. Rxe6+ Kg7 47. Rd6 Re7 48. R2xd3 b5 49. Rb6 b4 50. axb4 axb4 51. Kd2 Rc7 52. Rb5 Rb2+ 53. Ke3 Rg2 54. Kd4 Rb2 55. Rb6 Rd7+ 56. Rd6 Rc7 57. Kd5 1-0

[Event "Chorzow op"]
[Site "Chorzow"]
[Date "2010.03.20"]
[Round "1"]
[White "Kempa, Stefan"]
[Black "Czornik, Janusz"]
[Result "1-0"]
[WhiteElo "2072"]
[BlackElo "1829"]
[PlyCount "85"]
[EventDate "2010.03.20"]
[EventType "swiss"]
[EventRounds "9"]
[EventCountry "POL"]
[SourceTitle "EXT 2012"]
[Source "ChessBase"]
[SourceDate "2011.11.24"]
[SourceVersion "1"]
[SourceVersionDate "2011.11.24"]
[SourceQuality "1"]

1. c4 c5 2. Nf3 Nc6 3. d4 cxd4 4. Nxd4 g6 5. e4 Bg7 6. Nc2 d6 7. Be2 Nh6 8. g4 Bd7 9. Nc3 Qc8 10. Rg1 Ne5 11. Ne3 Be6 12. f4 Nexg4 13. Nxg4 Nxg4 14. Bxg4 Bxc3+ 15. bxc3 Qxc4 16. Qd4 Qxd4 17. cxd4 Rc8 18. Be2 Rc2 19. d5 Bd7 20. Kd1 Rc7 21. a4 0-0 22. Bd2 Rfc8 23. Bd3 e6 24. Bb4 exd5 25. exd5 Bxa4+ 26. Kd2 b5 27. Rac1 Bb3 28. Rxc7 Rxc7 29. Re1 Bxd5 30. Re8+ Kg7 31. Rd8 Be6 32. Bxb5 d5 33. Bc3+ Kh6 34. Be2 Rc8 35. Rd6 Ra8 36. Ra6 Bc8 37. Ra5 Be6 38. Bd4 a6 39. Bf6 g5 40. fxg5+ Kg6 41. h4 Ra7 42. h5+ Kf5 43. Ra4 1-0

[Event "POL-chT4 Slaskie"]
[Site "Poland"]
[Date "2008.05.17"]
[Round "7.61"]
[White "Paluch, Antoni"]
[Black "Kempa, Stefan"]
[Result "0-1"]
[WhiteElo "1678"]
[BlackElo "2116"]
[PlyCount "33"]
[EventDate "2008.02.10"]
[EventType "team-swiss"]
[EventRounds "9"]
[EventCountry "POL"]
[SourceTitle "EXT 2019"]
[Source "ChessBase"]
[SourceDate "2018.10.10"]
[SourceVersion "1"]
[SourceVersionDate "2018.10.10"]
[SourceQuality "1"]

1. e4 c5 2. d4 cxd4 3. Nf3 e5 4. c3 dxc3 5. Nxc3 Nc6 6. Bc4 Bb4 7. 0-0 Nf6 8. Nd5 Be7 9. Ng5 0-0 10. f4 d6 11. Ne3 exf4 12. Rxf4 Ne5 13. Bb3 h6 14. Nxf7 Nxf7 15. Ng4 Bxg4 16. Rxg4 Nxg4 17. Qxg4 0-1

[Event "POL-chT3"]
[Site "Poland"]
[Date "2002.??.??"]
[Round "?"]
[White "Kawecki, Marcin"]
[Black "Kempa, Stefan"]
[Result "1-0"]
[WhiteElo "2165"]
[BlackElo "2145"]
[PlyCount "71"]
[EventDate "2002.??.??"]
[EventType "team"]
[EventRounds "9"]
[EventCountry "POL"]
[SourceTitle "EXT 2006"]
[Source "ChessBase"]
[SourceDate "2005.11.24"]
[SourceVersion "1"]
[SourceVersionDate "2005.11.24"]
[SourceQuality "1"]

1. e4 c5 2. Nf3 a6 3. d4 cxd4 4. Nxd4 Nf6 5. Bd3 e5 6. Nf3 h6 7. 0-0 d6 8. c4 Nc6 9. Nc3 Be6 10. b3 Rc8 11. Qd2 g5 12. Ne1 Nh5 13. Nc2 Nf4 14. Rd1 Bg4 15. Be2 Be6 16. Qe1 g4 17. Ba3 Qa5 18. b4 Nxe2+ 19. Qxe2 Qc7 20. Nd5 Bxd5 21. cxd5 Ne7 22. Ne3 h5 23. b5 axb5 24. Qxb5+ Qd7 25. Qb6 Rd8 26. Rac1 Nc8 27. Qa5 b6 28. Qb4 Bh6 29. Rc6 Bxe3 30. fxe3 0-0 31. Qe1 Qe7 32. Qf2 Qg5 33. Rf1 f5 34. exf5 Ne7 35. Rxd6 Rxd6 36. Bxd6 1-0

[Event "POL-chT Region"]
[Site "Poland"]
[Date "1999.??.??"]
[Round "?"]
[White "Kempa, Stefan"]
[Black "Dudek, Andrzej"]
[Result "0-1"]
[WhiteElo "2137"]
[BlackElo "2215"]
[PlyCount "87"]
[EventDate "1999.??.??"]
[EventType "team"]
[EventRounds "13"]
[EventCountry "POL"]
[SourceTitle "EXT 2002"]
[Source "ChessBase"]
[SourceDate "2001.11.25"]
[SourceVersion "1"]
[SourceVersionDate "2001.11.25"]
[SourceQuality "1"]

1. d4 f5 2. g3 Nf6 3. Bg2 e6 4. Nh3 Nc6 5. Nc3 Bb4 6. Qd3 0-0 7. 0-0 Qe7 8. a3 Ba5 9. Na4 Bb6 10. Nxb6 axb6 11. Bd2 d6 12. f4 d5 13. Nf2 Bd7 14. Rfc1 b5 15. Be1 b6 16. Qe3 Rfc8 17. Nd3 Ng4 18. Qf3 Nxd4 19. Qf1 Ne3 20. Qf2 Ndxc2 21. Bf3 Nxa1 22. Qxe3 Nb3 23. Rc2 Qd6 24. Ne5 Na5 25. g4 Nc4 26. Qd3 Nxe5 27. fxe5 Qxe5 28. gxf5 c6 29. fxe6 Bxe6 30. Bg3 Qf6 31. e4 dxe4 32. Bxe4 Rd8 33. Qf3 Qxf3 34. Bxf3 Bd5 35. Bg4 Ra4 36. h3 b4 37. axb4 Rxb4 38. Bc7 Ra8 39. Bd6 Rb3 40. Rd2 h5 41. Bxh5 Rxh3 42. Bg4 Rh6 43. Bd7 Rg6+ 44. Rg2 0-1

[Event "POL-chT Region"]
[Site "Poland"]
[Date "1999.??.??"]
[Round "?"]
[White "Lubosik, Zbigniew"]
[Black "Kempa, Stefan"]
[Result "1/2-1/2"]
[WhiteElo "2160"]
[BlackElo "2137"]
[PlyCount "100"]
[EventDate "1999.??.??"]
[EventType "team"]
[EventRounds "13"]
[EventCountry "POL"]
[SourceTitle "EXT 2002"]
[Source "ChessBase"]
[SourceDate "2001.11.25"]
[SourceVersion "1"]
[SourceVersionDate "2001.11.25"]
[SourceQuality "1"]

1. d4 d6 2. Nf3 Nf6 3. c4 g6 4. Nc3 Bg7 5. e4 0-0 6. Be2 Nbd7 7. 0-0 e5 8. dxe5 dxe5 9. a3 c6 10. b4 a5 11. Bb2 Qe7 12. Qb3 Ne8 13. Nd2 Bh6 14. Rfd1 axb4 15. axb4 Rxa1 16. Bxa1 Nc7 17. Na4 Ne6 18. Nf3 Bg7 19. c5 Kh8 20. Bc3 Nc7 21. Qb2 Nb5 22. Bxb5 cxb5 23. Nb6 Nxb6 24. cxb6 Rd8 25. Rd5 Rxd5 26. exd5 f6 27. Qa2 Qd8 28. Qa8 Bf8 29. g4 h6 30. Nd2 Kg7 31. Ne4 Qxd5 32. Qxc8 Qxe4 33. Qd7+ Kg8 34. g5 hxg5 35. Qe6+ Kg7 36. Qd7+ Kh6 37. Qh3+ Kg7 38. Qd7+ Kg8 39. Qe6+ Kh7 40. Qxf6 Qg4+ 41. Kf1 Qh3+ 42. Kg1 Bg7 43. Qxg5 Qxc3 44. Qh4+ Kg8 45. Qd8+ Bf8 46. Qd5+ Kh8 47. Qxb7 Qxb4 48. Qc8 Qb1+ 49. Kg2 Qe4+ 50. Kg1 Qe1+ 1/2-1/2

[Event "POL-ch sf"]
[Site "Czestochowa"]
[Date "1998.??.??"]
[Round "10"]
[White "Jedynak, Radoslaw"]
[Black "Kempa, Stefan"]
[Result "1/2-1/2"]
[WhiteElo "2220"]
[BlackElo "2145"]
[PlyCount "163"]
[EventDate "1998.10.??"]
[EventType "swiss"]
[EventRounds "11"]
[EventCountry "POL"]
[SourceTitle "EXT 2000"]
[Source "ChessBase"]
[SourceDate "1999.11.16"]
[SourceVersion "1"]
[SourceVersionDate "1999.11.16"]
[SourceQuality "1"]

1. d4 d6 2. c4 e5 3. Nf3 Nc6 4. Nc3 Bg4 5. d5 Nb8 6. e4 Be7 7. Be2 Nf6 8. 0-0 0-0 9. Be3 Re8 10. Ne1 Bc8 11. Nd3 Nbd7 12. b4 c6 13. dxc6 bxc6 14. Qa4 Nb6 15. Bxb6 Qxb6 16. c5 Qb7 17. Rab1 Be6 18. Rfc1 Bc4 19. cxd6 Bxd3 20. Bxd3 Bxd6 21. Ne2 Rec8 22. Ba6 Qb6 23. Bxc8 Rxc8 24. Ng3 h5 25. Qa5 g6 26. Qxb6 axb6 27. f3 c5 28. bxc5 Bxc5+ 29. Kf1 Ra8 30. Rc2 Nd7 31. Rd1 Nf8 32. Ne2 Ne6 33. Rb2 Kg7 34. Nc1 f5 35. exf5 gxf5 36. Nb3 Ba3 37. Rc2 Nc5 38. Nxc5 Bxc5 39. Rd5 Kf6 40. Re2 Re8 41. a4 Bb4 42. g3 Re6 43. Rc2 Kg6 44. Rb5 Be7 45. Rcb2 Bd8 46. Rd2 Be7 47. Rdd5 Bf6 48. Ke2 h4 49. gxh4 f4 50. Rd7 Bxh4 51. Rb7 Bd8 52. Rd5 Bf6 53. Rbd7 Be7 54. Kd3 Kf5 55. Rc7 Bc5 56. a5 Be3 57. a6 b5 58. a7 Ra6 59. Rf7+ Ke6 60. Rdd7 Ra3+ 61. Kc2 b4 62. Rfe7+ Kf6 63. Rh7 Ke6 64. Rb7 Bd4 65. Rb8 Bxa7 66. Ra8 Rc3+ 67. Kd2 Be3+ 68. Ke2 Bc5 69. h4 b3 70. Rb8 Re3+ 71. Kd2 Rxf3 72. h5 b2 73. h6 Rf1 74. Rhb7 Bd4 75. h7 e4 76. Rb4 Rf2+ 77. Ke1 b1Q+ 78. Rxb1 Rh2 79. Re8+ Kf5 80. Rb5+ Kg4 81. Rxe4 Bc3+ 82. Kd1 1/2-1/2

[Event "POL-chT 2nd League South"]
[Site "Wisla"]
[Date "1998.??.??"]
[Round "?"]
[White "Kempa, Stefan"]
[Black "Antkowiak, Grzegorz"]
[Result "1-0"]
[WhiteElo "2145"]
[BlackElo "2225"]
[PlyCount "111"]
[EventDate "1998.11.20"]
[EventType "team-swiss"]
[EventRounds "10"]
[EventCountry "POL"]
[SourceTitle "EXT 2000"]
[Source "ChessBase"]
[SourceDate "1999.11.16"]
[SourceVersion "1"]
[SourceVersionDate "1999.11.16"]
[SourceQuality "1"]

1. c4 c5 2. Nf3 Nf6 3. Nc3 g6 4. g3 b6 5. Bg2 Bb7 6. 0-0 Bg7 7. Re1 0-0 8. e4 Nc6 9. d3 d6 10. h3 Qd7 11. Nh2 e5 12. Nf3 Rae8 13. a3 Nd4 14. Nxd4 cxd4 15. Ne2 Kh8 16. g4 Ng8 17. Ng3 Ne7 18. b4 f5 19. f3 f4 20. Nh1 Bf6 21. Re2 h5 22. Bf1 hxg4 23. hxg4 Kg7 24. Rh2 Rh8 25. Raa2 Bh4 26. Rag2 g5 27. Be2 Ng6 28. Qf1 Rh6 29. Rh3 Reh8 30. Rgh2 Kf6 31. Bd1 Qh7 32. Kg2 Bc8 33. Be2 Be6 34. Nf2 Qd7 35. Nd1 a6 36. Nb2 b5 37. Bd2 Rc8 38. Rh1 Rhh8 39. Bd1 Rc7 40. Qe2 Rg8 41. Bb3 Kf7 42. Ra1 Kg7 43. Rah1 Rh8 44. Qd1 Rhc8 45. Qe2 Bg8 46. Ra1 Bg3 47. a4 Nh4+ 48. Kf1 Be6 49. Rxg3 fxg3 50. Bxg5 Nxf3 51. Qxf3 Rf8 52. Bh6+ Kxh6 53. Qxf8+ Kg6 54. Kg2 Qh7 55. Rh1 Rf7 56. Qe8 1-0

[Event "POL-chT 2nd League South"]
[Site "Wisla"]
[Date "1998.??.??"]
[Round "?"]
[White "Kempa, Stefan"]
[Black "Kowzan, Piotr"]
[Result "1/2-1/2"]
[WhiteElo "2145"]
[BlackElo "2030"]
[PlyCount "79"]
[EventDate "1998.11.20"]
[EventType "team-swiss"]
[EventRounds "10"]
[EventCountry "POL"]
[SourceTitle "EXT 2000"]
[Source "ChessBase"]
[SourceDate "1999.11.16"]
[SourceVersion "1"]
[SourceVersionDate "1999.11.16"]
[SourceQuality "1"]

1. c4 g6 2. g3 Bg7 3. Bg2 c5 4. Nf3 Nc6 5. Nc3 e6 6. e4 Nge7 7. 0-0 d6 8. d3 a6 9. Be3 Nd4 10. Qd2 0-0 11. Ne2 Nxe2+ 12. Qxe2 Nc6 13. Rab1 Qa5 14. a3 Rb8 15. Qc2 b5 16. b4 Qxa3 17. bxc5 dxc5 18. cxb5 Nd4 19. Nxd4 cxd4 20. Bd2 Rxb5 21. Qc4 Rd8 22. Rfc1 Bd7 23. Qc7 Bf6 24. e5 Rxe5 25. Bb4 Qxd3 26. Be7 Bxe7 27. Qxe5 Bb5 28. Bf1 Qf3 29. Bxb5 axb5 30. Qxb5 d3 31. Qb7 Qxb7 32. Rxb7 d2 33. Rd1 Ba3 34. Kf1 Rd5 35. Rb3 Bc1 36. Ke2 Re5+ 37. Re3 Rh5 38. h4 Rf5 39. Rd3 Re5+ 40. Re3 1/2-1/2

[Event "POL-ch sf"]
[Site "Czestochowa"]
[Date "1998.??.??"]
[Round "11"]
[White "Kempa, Stefan"]
[Black "Krysztofiak, Marcin"]
[Result "1-0"]
[WhiteElo "2145"]
[BlackElo "2055"]
[PlyCount "61"]
[EventDate "1998.10.??"]
[EventType "swiss"]
[EventRounds "11"]
[EventCountry "POL"]
[SourceTitle "EXT 2000"]
[Source "ChessBase"]
[SourceDate "1999.11.16"]
[SourceVersion "1"]
[SourceVersionDate "1999.11.16"]
[SourceQuality "1"]

1. c4 d6 2. d4 Nf6 3. Nc3 Nbd7 4. e4 e5 5. Be3 c6 6. g3 Qe7 7. d5 c5 8. a3 g6 9. h3 Bg7 10. Qd2 0-0 11. g4 Ne8 12. Nge2 f5 13. gxf5 gxf5 14. exf5 e4 15. Ng3 Ne5 16. 0-0-0 b5 17. cxb5 a6 18. bxa6 Bxa6 19. f6 Bxf6 20. Ngxe4 Bxf1 21. Nxf6+ Nxf6 22. Rhxf1 Rfb8 23. Bg5 Nc4 24. Qf4 Qb7 25. b4 Rxa3 26. Bxf6 Ra1+ 27. Kc2 Na3+ 28. Kd3 Qa6+ 29. b5 c4+ 30. Ke4 Re8+ 31. Kf3 1-0

[Event "POL-ch sf"]
[Site "Czestochowa"]
[Date "1998.??.??"]
[Round "2"]
[White "Kempa, Stefan"]
[Black "Widera, Jan"]
[Result "0-1"]
[WhiteElo "2145"]
[BlackElo "2245"]
[PlyCount "56"]
[EventDate "1998.10.??"]
[EventType "swiss"]
[EventRounds "11"]
[EventCountry "POL"]
[SourceTitle "EXT 2000"]
[Source "ChessBase"]
[SourceDate "1999.11.16"]
[SourceVersion "1"]
[SourceVersionDate "1999.11.16"]
[SourceQuality "1"]

1. Nf3 c5 2. g3 b6 3. Bg2 Bb7 4. 0-0 g6 5. c4 Bg7 6. Nc3 Nf6 7. Re1 d6 8. e4 e5 9. d3 0-0 10. a3 Nc6 11. Rb1 a5 12. h3 Nd4 13. Nxd4 cxd4 14. Ne2 Bc6 15. a4 Nd7 16. b3 f5 17. f3 Nc5 18. Rf1 Ra7 19. Qc2 fxe4 20. fxe4 Rxf1+ 21. Kxf1 Rf7+ 22. Kg1 Qf6 23. Ba3 Qf2+ 24. Kh1 Qe3 25. Bxc5 dxc5 26. Re1 Rf2 27. Qd1 h5 28. Kh2 Qf3 0-1

[Event "POL-ch sf"]
[Site "Czestochowa"]
[Date "1998.??.??"]
[Round "5"]
[White "Liwak, Przemyslaw"]
[Black "Kempa, Stefan"]
[Result "1-0"]
[WhiteElo "2230"]
[BlackElo "2145"]
[PlyCount "67"]
[EventDate "1998.10.??"]
[EventType "swiss"]
[EventRounds "11"]
[EventCountry "POL"]
[SourceTitle "EXT 2000"]
[Source "ChessBase"]
[SourceDate "1999.11.16"]
[SourceVersion "1"]
[SourceVersionDate "1999.11.16"]
[SourceQuality "1"]

1. e4 d6 2. d4 Nf6 3. Nc3 c6 4. Be3 Nbd7 5. Qd2 e5 6. f3 Be7 7. 0-0-0 a6 8. g4 b5 9. h4 Bb7 10. Nce2 h5 11. g5 Nh7 12. Ng3 g6 13. f4 exf4 14. Bxf4 d5 15. exd5 cxd5 16. Bd3 Nhf8 17. Re1 Rg8 18. Nf3 Ne6 19. Ne5 Nxe5 20. Bxe5 Kd7 21. Rhf1 Rf8 22. Rf2 Bd6 23. Bxd6 Kxd6 24. Rf6 Bc8 25. Re5 Kc7 26. Qa5+ Kb8 27. Qxd8 Nxd8 28. Bxg6 Be6 29. Bxh5 Rh8 30. g6 Ra7 31. g7 Rg8 32. Rg5 Kc7 33. Bg4 Kd6 34. Nf5+ 1-0

[Event "POL-ch sf"]
[Site "Poraj "]
[Date "1997.??.??"]
[Round "4"]
[White "Okrucinski, Tadeusz"]
[Black "Kempa, Stefan"]
[Result "1-0"]
[WhiteElo "2285"]
[BlackElo "2170"]
[PlyCount "71"]
[EventDate "1997.??.??"]
[EventType "swiss"]
[EventRounds "11"]
[EventCountry "POL"]
[SourceTitle "EXT 2000"]
[Source "ChessBase"]
[SourceDate "1999.11.16"]
[SourceVersion "1"]
[SourceVersionDate "1999.11.16"]
[SourceQuality "1"]

1. d4 d6 2. Nf3 Nc6 3. c4 e5 4. Nc3 Bg4 5. d5 Nb8 6. e4 Be7 7. Be2 Nf6 8. 0-0 0-0 9. Ne1 Bc8 10. Nd3 c6 11. f4 cxd5 12. cxd5 exf4 13. Bxf4 Nbd7 14. Bf3 Ne8 15. Bg4 Bf6 16. Bxd7 Bxd7 17. Qb3 b5 18. Kh1 a5 19. e5 a4 20. Qd1 dxe5 21. Nxe5 Bxe5 22. Bxe5 f6 23. Bg3 b4 24. Ne4 Rc8 25. Qd4 Qa5 26. Rac1 Rxc1 27. Rxc1 f5 28. Nc5 Qb5 29. Be5 b3 30. axb3 axb3 31. h3 Nf6 32. Nxd7 Nxd7 33. Bxg7 Rf7 34. Rc8+ Nf8 35. Bh6 Qd7 36. Rxf8+ 1-0